Predpoklady na väčšie zainteresovanie manažmentu pri riešení riadenia

Najdôležitejšie empirické hľadiská z práce auditu. Problémy aplikácie rizík. Dva okruhy praktických problémov.

Na minha lista:
Detalhes bibliográficos
Autor principal: Oláh, Michal
Outros Autores: Šidelský, Ľubomír
Formato: Capítulo de Livro
Idioma:eslovaco
Assuntos:
Tags: Adicionar Tag
Sem tags, seja o primeiro a adicionar uma tag!

MARC

LEADER 00000naa a2200000 4500
001 0230270
005 20220718123941.4
041 0 |a slo 
044 |a SK 
245 1 0 |a Predpoklady na väčšie zainteresovanie manažmentu pri riešení riadenia  |c Michal Oláh, Ľubomír Šidelský 
520 |a Najdôležitejšie empirické hľadiská z práce auditu. Problémy aplikácie rizík. Dva okruhy praktických problémov. 
610 2 0 |a risk management 
610 2 0 |a správa verejná 
610 2 0 |a riadenie rizík 
610 2 0 |a legislatíva 
100 1 |a Oláh, Michal 
700 1 |a Šidelský, Ľubomír